| 000 | 01124nam a22002057a 4500 | ||
|---|---|---|---|
| 003 | JO-AjAnu | ||
| 005 | 20250315095417.0 | ||
| 008 | 250310b jo ||||| |||| 00| 0 ara d | ||
| 040 |
_aJO-AjAnu _bara _cJO-AjAnu _dJO-AjAnu _erda |
||
| 041 |
_aara _hara |
||
| 050 |
_aPJ8410 _b2025 |
||
| 100 | 1 |
_aالزواتين، محمد علي حسن _eمعد _966494 |
|
| 245 | 0 |
_aالطبيعة في شعر ابن دراج القسطلي (نماذج من الطبيعة الصامتة) = The Nature in the poetry of Ibn Daraj al-Qastali (models of silent nature) / _cاعداد محمد علي حسن الزواتين ؛ اشراف علي قاسم الخرابشة |
|
| 260 | _c2025 | ||
| 300 | _a103 ورقة | ||
| 504 | _aرسالة جامعية( رسالة ماجستير في اللغة العربية) - جامعة عجلون الوطنية، (عجلون، الاردن) - كلية الآداب، قسم اللغة العربية، 2025. | ||
| 650 | 0 |
_aالشعر العربي - تاريخ ونقد - العصر الاندلسي. _966495 |
|
| 700 | 1 |
_aالخرابشة، علي قاسم _eمشرف _966053 |
|
| 942 |
_2lcc _cTHS _n0 |
||
| 999 |
_c33888 _d33888 |
||